Normal view
MARC view
- Hashmi, NC Ahmed Mujtaba ( TCC-19 )
Entry Personal Name
001 - CONTROL NUMBER
- control field: 132030
003 - CONTROL NUMBER IDENTIFIER
- control field: NUST
005 - DATE AND TIME OF LATEST TRANSACTION
- control field: 20251124141928.0
008 - FIXED-LENGTH DATA ELEMENTS
- fixed length control field: 251124|| aca||aabn | a|a d
040 ## - CATALOGING SOURCE
- Original cataloging agency: NUST
- Transcribing agency: NUST
100 ## - HEADING--PERSONAL NAME
- Personal name: Hashmi, NC Ahmed Mujtaba ( TCC-19 )
670 ## - SOURCE DATA FOUND
- Source citation: Work cat.: (NUST)188994: Hashmi, NC Ahmed Mujtaba ( TCC-19 ), Object tracking unmanned ground vehicle /, August 2011
